000 00338nam a2200133Ia 4500
008 191201s2000 xx 000 0 und d
082 _a677.028
_bMUP
100 _aMURPHY, William S
245 0 _aPreparation of Textile Fibre
260 _aN.Delhi
_bAbhishek Publications
_c2000
300 _a176
650 _aB.Tech(TE)
942 _2ddc
_cBK
999 _c2313
_d2313